京阪電鉄の定期の種別 - Statistics

General Stats
  • This quiz has been taken 203 times
  • The average score is 16 of 18
Answer Stats
路線名 種別名 % Correct
京阪本線 普通
99%
中之島線 普通
99%
交野線 普通
99%
石清水八幡宮参道ケーブル 普通
99%
宇治線 普通
99%
石山坂本線 普通
99%
京津線 普通
99%
京阪本線 急行
98%
京阪本線 準急
98%
京阪本線 特急
96%
京阪本線 快速急行
95%
中之島線 快速急行
95%
京阪本線 区間急行
81%
中之島線 区間急行
81%
京阪本線 通勤準急
69%
京阪本線 快速特急洛楽
62%
京阪本線 通勤快速急行
47%
中之島線 通勤快速急行
47%
No matching quizzes found
Score Distribution
Percent of People with Each Score
Percentile by Number Answered
Your Score History
You have not taken this quiz